000
00307nam a22001217a 4500
020
_a
9789380428529
082
_a
631.1
_b
KAL/FU
100
_a
M.U. Kale
_a
M.S. Supe
_9
272
245
_a
Fundamentals of Agriculture Engineering
260
_a
Delhi
_b
Narendra Publishing House
_c
2014
300
_a
455
942
_c
BK
999
_c
14211
_d
14211